Biblioteca

A fine-tuned universe (Registro nro. 63952)

Detalles MARC
000 -LÍDER
Campo fijo de descripción fija 03098cam a2200457 i 4500
001 - NÚMERO DE CONTROL
Campo de control 15343708
003 - IDENTIFICADOR DEL NÚMERO DE CONTROL
Campo de control CO-MdFUSB
005 - FECHA Y HORA DE LA ULTIMA TRANSACCIÓN
control field 20190202100353.0
008 - ELEMENTOS DE LONGITUD FIJA -- INFORMACIÓN GENERAL
Campo fijo de descripción fija -- Información general 080625t2009 kyu f b 001 0 eng
010 ## - NÚMERO DE CONTROL DE LA BIBLIOTECA DEL CONGRESO
Número de control LC 2008028006
020 ## - NÚMERO INTERNACIONAL NORMALIZADO PARA LIBROS
Número Internacional Normalizado del libro 9780664233105 (alk. paper)
020 ## - NÚMERO INTERNACIONAL NORMALIZADO PARA LIBROS
Número Internacional Normalizado del libro 0664233104 (alk. paper)
020 ## - NÚMERO INTERNACIONAL NORMALIZADO PARA LIBROS
Número Internacional Normalizado del libro 9780664234416 (pbk. : alk. paper)
020 ## - NÚMERO INTERNACIONAL NORMALIZADO PARA LIBROS
Número Internacional Normalizado del libro 0664234410 (pbk. : alk. paper)
040 ## - FUENTE DE CATALOGACIÓN
Agencia de catalogación original DLC
Agencia que realiza la transcripción CO-MdFUSB
Agencia que realiza la modificación CO-MdFUSB
Idioma de catalogación spa
Convenciones de la descripción rda
041 ## - CÓDIGO DE IDIOMA
Código de idioma para texto/pista de sonido o título separado eng
082 ## - NÚMERO DE CLASIFICACIÓN DECIMAL DEWEY
Número de la edición del Dewey 24
Número de clasificación G 261.55
Clave de autor-Numero de item M478f
100 1# - ASIENTO PRINCIPAL--NOMBRE PERSONAL
Nombre personal McGrath, Alister E.,
Fechas asociadas con el nombre 1953-
Término relacionador autor
245 12 - TÍTULO
Título del Material A fine-tuned universe
Parte restante del título - Subtitulo : the quest for God in science and theology : the 2009 Gifford lectures
Mención de responsabilidad, etc. / Alister E. McGrath.
250 ## - MENCIÓN DE EDICIÓN
Mención de edición 1st ed.
264 #1 - PRODUCCIÓN, PUBLICACIÓN, DISTRIBUCIÓN, MANUFACTURA, Y COPYRIGHT
Lugar de producción, publicación, distribución, manufactura Louisville, Ky. :
Nombre del productor, publicador, distribuidor Westminster John Knox Press,
Fecha de producción, publicación, distribución, manufactura, o copyright ℗[2009]
264 #4 - PRODUCCIÓN, PUBLICACIÓN, DISTRIBUCIÓN, MANUFACTURA, Y COPYRIGHT
Fecha de producción, publicación, distribución, manufactura, o copyright ©2009
300 ## - DESCRIPCIÓN FÍSICA
Extensión xv, 262 páginas ;
Dimensiones 24 cm.
Otros detalles físicos :
336 ## - TIPO DE CONTENIDO
Fuente rdacontent
Término de tipo de contenido
Código de tipo de contenido
337 ## - TIPO DE MEDIO
Fuente rdamedia
Nombre del tipo de medio
Código del tipo de medio
338 ## - TIPO DE SOPORTE
Fuente rdacarrier
Nombre del tipo de soporte
Código Tipo de soporte
501 ## - NOTA DE “CON”
Nota de Contenido Incuye índice (p. 259- 262)
504 ## - NOTA DE BIBLIOGRAFÍA, ETC.
Nota de bibliografía, etc Bibliografía (p. 223-258)
505 0# - NOTA DE CONTENIDO
Nota de contenido con formato preestablecido Yearning to make sense of things -- The crisis of confidence in modern natural theology -- Renewing the vision for natural theology -- Challenges to a renewed natural theology -- Natural theology and the explanation of reality -- The dynamics of a trinitarian natural theology -- Surprising facts: conterfactuals and natural theology -- Augustine of Hippo on creation: a theological lens -- In the beginning: the constants of universe -- Can these bones live? The origins of life -- The matrix of life: the curious chemistry of water -- Chemical catalysts and the constraints of evolution -- The origins of complexity: the mechanism of evolution -- The outcomes of evolution: the directionality of evolution -- An emergent creation and natural theology.
505 0# - NOTA DE CONTENIDO
Nota de contenido con formato preestablecido Anhelo de dar sentido a las cosas -- La crisis de confianza en la teología natural moderna -- Renovar la visión de la teología natural -- Desafíos a una teología natural renovada -- Teología natural y la explicación de la realidad -- La dinámica de una teología natural trinitaria -- Hechos sorprendentes: conterfactuals y teología natural -- Agustín de Hipona sobre la creación: una lente teológica -- En el principio: las constantes del universo -- ¿Pueden estos huesos vivir? Los orígenes de la vida -- La matriz de la vida: la química curiosa del agua -- Los catalizadores químicos y las limitaciones de la evolución -- Los orígenes de la complejidad: el mecanismo de la evolución -- Los resultados de la evolución: la direccionalidad de la evolución -- Creación emergente y teología natural.
650 #7 - ASIENTO SECUNDARIO DE MATERIA - TERMINO TEMÁTICO
Término temático o nombre geográfico como elemento de entrada Creación
9 (RLIN) 251
650 #7 - ASIENTO SECUNDARIO DE MATERIA - TERMINO TEMÁTICO
Término temático o nombre geográfico como elemento de entrada Religión y ciencia
9 (RLIN) 259
650 #7 - ASIENTO SECUNDARIO DE MATERIA - TERMINO TEMÁTICO
Término temático o nombre geográfico como elemento de entrada Dios
Fuente del encabezamiento o término
9 (RLIN) 178
653 ## - TÉRMINO DE INDIZACIÓN - NO CONTROLADO
Término no controlado Teología natural
906 ## - LOCAL DATA ELEMENT F, LDF (RLIN)
a 7
b cbc
c orignew
d 1
e ecip
f 20
g y-gencatlg
942 ## - TIPO DE MATERIAL (KOHA)
Tipo de Item KOHA Libros General
Existencias
Estado de Material Estado de Perdido Forma de Clasificación Estado de Dañado No para Préstamo Colección Biblioteca de Origen Biblioteca Permanente Fecha de Adquisición Total de Préstamos Signatura Topográfica Código de Barras Última vez visto Ejemplar/Existencia Fecha de Remplazo Tipo de Material
    Dewey Decimal Classification     Colección General Biblioteca FUSBC Biblioteca FUSBC 31/07/2017   G 261.55 M478f 10542 12/12/2019 Ej. 1 31/07/2017 Libros General

Biblioteca FUSBC | Teléfono: (57+4) 349 88 10 Ext. 141| WhatsApp (+57) 3005338115 
E-mail: biblioteca@unisbc.edu.co | Calle 76 87-14 Robledo Palenque, Medellín, Colombia

Con tecnología Koha